World Capitals Containing the Letter W - Statistics

General Stats
  • This quiz has been taken 1,563 times
  • The average score is 14 of 18
Answer Stats
Continent Capital % Correct
North America Washington, DC
99%
Europe Warsaw
98%
Oceania Wellington
98%
Africa Windhoek
90%
South America Georgetown
82%
Europe Moscow
80%
North America Bridgetown
79%
Africa Freetown
79%
North America Kingstown
77%
North America Ottawa
77%
Oceania South Tarawa
77%
Asia Naypyidaw
74%
Asia Kuwait City
72%
Africa Lilongwe
70%
Africa Cape Town
69%
Asia New Delhi
69%
Asia Sri Jayawardenepura Kotte
67%
Asia Bandar Seri Begawan
66%
No matching quizzes found
Score Distribution
Percent of People with Each Score
Percentile by Number Answered
Your Score History
You have not taken this quiz